01018nac a22002891i 4500003000900000005001700009008004100026020002400067020001800091040004300109082002100152100004300173245005100216264005800267300004000325336002600365337002800391338002700419504005200446650002300498650002700521650001900548655001700567942001200584999001500596952011700611EG-ScBUE20260419111930.0260419s1984 enka f b 001 0 eng d a0713164050 (pbk.) : a9780713164053 aEG-ScBUEbengerdacEG-ScBUEdEG-ScBUE04a551.483bKNI2221 aKnighton, David, eauthor.10aFluvial forms and processes /cDavid Knighton. 1aLondon ;aBaltimore, Md., U.S.A. :bE. Arnold,c1984. a218 pages :billustrations ;c24 cm 2rdacontentatextbtxt aunmediated2rdamediabn avolumebnc2rdacarrier aIncludes bibliographical references and index.  7aWatersheds.2BUEsh 7aRiver channels.2BUEsh 7aRivers.2BUEsh vReading book cBB2ddc c6078d6078 00104070aMAINbMAINc1STd2013-11-07ePurchasel0o551.483KNIp000007675r2025-07-15 00:00:00w2007-11-13yBB